Responses for Show #6778 - Wednesday, February 19, 2014

2014 College Championship semifinal game 3.

Contestants

[<< previous game]

Julia Clark, a senior at Harvard University from Saskatoon, Saskatchewan, Canada

Erika Sloan, a sophomore from Middlebury College from Simsbury, Connecticut

Kevin Shen, a junior from the University of California, Berkeley from Cupertino, California

[next game >>]

Jeopardy! Round responses

DORM ROOM CHECKLIST
WEBSITES
RECENTLY BANNED OR CHALLENGED BOOKS
STATE LINES
"FOR" WORDS & "BACK" WORDS
THE MOVIE SUPERHERO WHO...
    $200 6
headphones

Erika
    $200 1
Yahoo!

Kevin
    $200 21
(Julia: What is Native Son?)
(Erika: What is The Invisible Man?)

Invisible Man

KevinErikaJulia
    $200 11
Alabama

Kevin
    $200 26
a backstory

Julia
    $200 16
Superman

Kevin
    $400 7
a pizza cutter

Kevin
    $400 2
Hulu

Erika
    $400 22
Fifty Shades of Grey

Erika
    $400 12
Missouri

Kevin
    $400 27
a forecast

Erika
    $400 17
Mr. Incredible

Kevin
    $600 8
a vacuum

Julia
    $600 3
CollegeHumor

Erika
    $600 23
The Handmaid's Tale

Erika
    $600 13
New York

Kevin
    $600 28
Affordable

Erika
    $600 18
Batman

Julia
    $800 9
a poncho

Kevin
    $800 4
Pandora

Kevin
    $800 24
Tom Wolfe

Julia
    $1,000 14
not in Kansas anymore

Kevin
    $800 29
a forge

Kevin
    $800 19
Tony Stark (Iron Man)

Triple Stumper
    $1000 10
Neosporin

Kevin
    $1000 5
(Alex: And the website is [*].me.)

Lyft

Triple Stumper
    $1000 25
A Thousand Acres

Triple Stumper
    $1000 15
through Georgia

Triple Stumper
    $1000 30
a backstop

Erika
    $1000 20
the Green Lantern

Julia

Scores at the first commercial break (after clue 15):

Kevin Erika Julia
$5,400 $1,200 $600

Scores at the end of the Jeopardy! Round:

Kevin Erika Julia
$7,000 $4,000 $3,000

Double Jeopardy! Round responses

SORORITY SISTERS
ISLANDS OF THE PACIFIC
SCIENCE IN THE WORLD
21st CENTURY MUSIC
FRENCH HISTORY
CIVIL WAR SLANG
    $400 26
(Erika: Who is Sandra Day O'Connor?)

Ruth Bader Ginsburg

Erika
Triple Stumper
    $400 13
Fiji

Julia
    $400 1
clouds

Kevin
    $400 18
Ryan Lewis

Julia
    $400 6
Versailles

Erika
    $400 11
food

Erika
    $800 27
(Alex: [*], yes.)
(Julia: I don't know why I know that. [Laughs])

Spanx

Julia
    $800 14
(Kevin: What are beluga whales?)

humpback whales

KevinJulia
    $800 2
browning

Julia
    $800 19
OneRepublic

Erika
    $1,600 7
the Hundred Years' War

Erika
    $800 12
guard duty

Julia
    $1200 28
the Marines

Erika
    $1200 15
Tahiti

Julia
    $1200 3
(Julia: What is the center of gravity?)

the center of mass

ErikaJulia
    $1200 20
Jack White

Erika
    $1200 8
(Nicolas) Sarkozy

Kevin
    $1200 23
(Alex: [*] Reb. "When [*] Comes Marching Home".)

Johnny

Triple Stumper
    $1,200 29
Condoleezza Rice

Erika
    $1600 16
currency (or money)

Kevin
    $1600 4
pollinators

Kevin
    $1600 21
Lady Antebellum

Julia
    $1600 9
1968

Triple Stumper
    $1600 24
Federal

Triple Stumper
    $2000 30
(Alex: Author of a book you studied in high school -- [*], To Kill a Mockingbird.)

Harper Lee

Triple Stumper
    $2000 17
(Erika: What is Ireland?)

Easter Island

ErikaJulia
    $2000 5
metadata

Kevin
    $2000 22
daughters

Erika
    $2000 10
Nantes

Triple Stumper
    $2000 25
a bummer

Triple Stumper

Scores at the end of the Double Jeopardy! Round:

Kevin Erika Julia
$13,000 $11,600 $10,600

[wagering suggestions for these scores]

Final Jeopardy! Round responses

SHAKESPEARE CHARACTERS
(Alex: Kevin, congratulations. You get to play again tomorrow and the day after that against these two individuals.)
(Tucker: Tucker Pope, Texas A&M University.)
(Terry: Terry O'Shea, Princeton University.)
JuliaWho is Falstaff?
$2,402
ErikaWho is Falstaff?
$9,700
KevinWho is Falstaff?
$10,201
Falstaff

Final scores:

Kevin Erika Julia
$23,201 $21,300 $13,002
Finalist 2nd place: $10,000 3rd place: $10,000

Game dynamics:

Coryat scores:

Kevin Erika Julia
$12,800 $11,200 $10,600
18 R
(including 1 DD),
1 W
17 R
(including 2 DDs),
3 W
14 R,
2 W

Combined Coryat: $34,600

[game clues] [game scores] [suggest correction]

Game tape date: 2014-01-08
The J! Archive is created by fans, for fans. Scraping, republication, monetization, and malicious use prohibited; this site may use cookies and collect identifying information. See terms. The Jeopardy! game show and all elements thereof, including but not limited to copyright and trademark thereto, are the property of Jeopardy Productions, Inc. and are protected under law. This website is not affiliated with, sponsored by, or operated by Jeopardy Productions, Inc. Join the discussion at JBoard.tv.